000 00589nam a2200205Ia 4500
005 20250923144948.0
008 008 250917s9999 xx 000 0 eng d
037 _aTextual
040 _aDSWL
_beng
_cDSWL
041 _aeng
_2eng
084 _aYX,Z1-z4;6-B3.fM, N66
_qDSWL
100 _aParker, R.A.
_9830326
245 0 _aDecision in child care
_cby R.A. Parker
260 _aLondon
_bGeorge Allen & Unwin Ltd.
_c1966
300 _a120p.
365 _aINR
_b26
925 _g26
942 _cTEXL
_hYX,Z1-z4;6-B3.fM, N66
999 _c1445439
_d1445439